000 00364nam a2200157Ia 4500
100 _aWinston/Wayne L
650 _aMicrosoft excel 2016
942 _cBK
366 _f25
245 _aMicrosoft Excel 2016: Data Analysis and Business Modeling
260 _bNew Age Int (P) Ltd
_c2016
082 _bWIN
300 _a836
546 _aENGLISH
999 _c22831
_d22831